ロード中...
| LEADER | 01365nam a22002297a 4500 | ||
|---|---|---|---|
| 005 | 20151026125911.0 | ||
| 008 | 090723t xxu||||| |||| 00| 0 eng d | ||
| 080 | |a 378(05) |b JOURN | ||
| 110 | |a University grants commission |9 841 | ||
| 245 | |a Journal of higher education | ||
| 260 | |a New Delhi |b UGC |c 1975 |9 842 | ||
| 490 | |v vol.1,no.1 | ||
| 500 | |a Lib.has v.1(1975), v.6(1980)-v.9(1984), v.12(1986)-v.15(1990) | ||
| 942 | |c BV |6 _ | ||
| 999 | |c 377 |d 377 | ||
| 952 | |0 0 |1 0 |2 udc |4 0 |6 37805_JOURN1 |7 0 |9 1197 |a UL |b UL |c REF |d 2009-07-23 |o 378(05) JOURN.1 |p 00032218 |r 2009-07-23 |w 2009-07-23 |y BV | ||
| 952 | |0 0 |1 0 |2 udc |4 0 |6 37805_JOURN67 |7 0 |9 1198 |a UL |b UL |c REF |d 2009-07-23 |o 378(05) JOURN.6-7 |p 00031776 |r 2009-07-23 |w 2009-07-23 |y BV | ||
| 952 | |0 0 |1 0 |2 udc |4 0 |6 37805_JOURN8 |7 0 |9 1199 |a UL |b UL |c REF |d 2009-07-23 |o 378(05) JOURN.8 |p 00032219 |r 2009-07-23 |w 2009-07-23 |y BV | ||
| 952 | |0 0 |1 0 |2 udc |4 0 |6 37805_JOURN9 |7 0 |9 1200 |a UL |b UL |c REF |d 2009-07-23 |o 378(05) JOURN.9 |p 00032899 |r 2009-07-23 |w 2009-07-23 |y BV | ||
| 952 | |0 0 |1 0 |2 udc |4 0 |6 37805_JOURN1314 |7 0 |9 1201 |a UL |b UL |c REF |d 2009-07-23 |o 378(05) JOURN.13-14 |p 00037796 |r 2009-07-23 |w 2009-07-23 |y BV | ||
| 952 | |0 0 |1 0 |2 udc |4 0 |6 37805_JOURN1415 |7 0 |9 1202 |a UL |b UL |d 2009-10-22 |o 378(05) JOURN.14-15 |p 00038332 |r 2009-10-22 |w 2009-10-22 |y BV | ||
| 952 | |0 0 |1 0 |2 udc |4 0 |6 37805_JOURN1214 |7 0 |9 1203 |a UL |b UL |d 2009-10-22 |o 378(05) JOURN.12-14 |p 00058652 |r 2009-10-22 |w 2009-10-22 |y BV | ||